[Event "JtM Sunshine op Online"]
[Site "chess.com"]
[Date "2020.07.25"]
[Round "5.2"]
[White "Guo, Anni"]
[Black "Geng, Li"]
[Result "1/2-1/2"]
[WhiteElo "1858"]
[BlackElo "1655"]
[PlyCount "50"]
[EventDate "2020.07.25"]
[EventType "swiss (rapid)"]
[EventRounds "5"]
[EventCountry "CAN"]

1. e4 d5 2. exd5 Qxd5 3. Nc3 Qd6 4. d4 Nf6 5. Nf3 a6 6. Bc4 b5 7. Bb3 e6 8. O-O
Be7 9. Bg5 O-O 10. Re1 Bb7 11. Ne5 c5 12. dxc5 Qxc5 13. Qe2 Nbd7 14. Rad1 Nxe5
15. Qxe5 Qc6 16. Qg3 Rad8 17. Rxd8 Rxd8 18. f3 b4 19. Na4 a5 20. c3 Nh5 21. Qh4
Nf6 22. Be3 Nd5 23. Bg5 Nf6 24. Be3 Nd5 25. Bg5 Nf6 1/2-1/2

[Event "JtM Sunshine op Online"]
[Site "chess.com"]
[Date "2020.07.25"]
[Round "5.3"]
[White "Ritchie, Charlie"]
[Black "Koukpari, Tiam"]
[Result "0-1"]
[WhiteElo "1794"]
[BlackElo "1595"]
[PlyCount "96"]
[EventDate "2020.07.25"]
[EventType "swiss (rapid)"]
[EventRounds "5"]
[EventCountry "CAN"]

1. d4 d5 2. c4 e6 3. Nc3 c6 4. cxd5 exd5 5. Bf4 Bd6 6. Bxd6 Qxd6 7. e3 Nf6 8.
Bd3 Bg4 9. f3 Bh5 10. Qc2 O-O 11. Nge2 Re8 12. e4 dxe4 13. fxe4 Bxe2 14. Nxe2
Qb4+ 15. Qc3 Qb6 16. Nf4 Nxe4 17. Bxe4 Rxe4+ 18. Ne2 Nd7 19. Kf2 Rae8 20. Rhe1
c5 21. dxc5 Nxc5 22. Kf1 Na4 23. Qb3 Qf6+ 24. Qf3 Qxb2 25. Rab1 Rxe2 26. Rxb2
Rxe1+ 27. Kf2 Nxb2 28. Qxb7 Nd3+ 29. Kg3 R1e3+ 30. Kh4 Ne5 31. g3 Ng6+ 32. Kh3
a5 33. Qc7 a4 34. a3 Rxa3 35. Qd7 Rae3 36. Qxa4 Re2 37. Qb5 h6 38. Kg4 R8e4+
39. Kh3 Re8 40. Kg4 Ne5+ 41. Kh3 Nf3 42. Kg4 Nxh2+ 43. Kh3 Nf3 44. Kg4 Nd4 45.
Qd3 g6 46. Kh3 Ne6 47. Qb5 Ng5+ 48. Kg4 R8e4# 0-1

[Event "JtM Sunshine op Online"]
[Site "chess.com"]
[Date "2020.07.25"]
[Round "5.4"]
[White "Landstrom, William"]
[Black "Srinivas, Atharva"]
[Result "1-0"]
[WhiteElo "1653"]
[BlackElo "1752"]
[PlyCount "127"]
[EventDate "2020.07.25"]
[EventType "swiss (rapid)"]
[EventRounds "5"]
[EventCountry "CAN"]

1. e4 e5 2. Nf3 Nc6 3. Bc4 Bc5 4. c3 d6 5. O-O Nf6 6. d3 h6 7. Nbd2 O-O 8. Re1
Bb6 9. Nf1 Ne7 10. Be3 Ng6 11. Qd2 c6 12. Ng3 Re8 13. Bb3 d5 14. exd5 cxd5 15.
Bxb6 Qxb6 16. Re2 Nf4 17. Rxe5 Rxe5 18. Nxe5 Ne6 19. d4 Qc7 20. Re1 Bd7 21. Nf5
Re8 22. Ne3 Bc6 23. N3g4 Ne4 24. Qd1 Nf4 25. Nxc6 Qxc6 26. Ne5 Qf6 27. Rxe4
dxe4 28. Bxf7+ Kf8 29. Bxe8 Kxe8 30. Qa4+ Ke7 31. Qb4+ Ke6 32. Qxb7 Nh3+ 33.
gxh3 Qg5+ 34. Ng4 h5 35. Qxe4+ Kf7 36. f4 Qa5 37. Ne5+ Kg8 38. Qg6 Qxa2 39.
Qf7+ Qxf7 40. Nxf7 Kxf7 41. Kf2 Ke6 42. c4 Kd6 43. b4 Kc6 44. Ke3 Kd6 45. Ke4
Ke6 46. f5+ Kf6 47. Kf4 h4 48. c5 a6 49. d5 Ke7 50. Kg4 Kf6 51. Kxh4 Ke5 52. c6
Kxd5 53. c7 Kc4 54. c8=Q+ Kxb4 55. Qxa6 Kc5 56. Qe6 Kd4 57. Kg4 g5 58. fxg6 Kc3
59. Qd5 Kb4 60. Qc6 Kb3 61. g7 Kb2 62. g8=Q Kb1 63. Qb8+ Ka2 64. Qca8# 1-0

[Event "JtM Sunshine op Online"]
[Site "chess.com"]
[Date "2020.07.25"]
[Round "5.5"]
[White "Diemecke, Pablo"]
[Black "Liu, Harrison (Hangchen)"]
[Result "0-1"]
[WhiteElo "1554"]
[BlackElo "1701"]
[PlyCount "104"]
[EventDate "2020.07.25"]
[EventType "swiss (rapid)"]
[EventRounds "5"]
[EventCountry "CAN"]

1. e4 d5 2. exd5 Nf6 3. d4 Nxd5 4. Nf3 Bg4 5. Be2 e6 6. O-O Nc6 7. c4 Nb6 8. c5
Nd5 9. a3 Be7 10. Re1 O-O 11. b4 a6 12. Bb2 Bf6 13. Nbd2 Nf4 14. Ne4 Nxe2+ 15.
Qxe2 Bxd4 16. Rad1 e5 17. h3 Bxf3 18. Qxf3 Qe7 19. Bxd4 Nxd4 20. Qc3 Rad8 21.
Ng3 Qf6 22. Rd3 Rfe8 23. Ne4 Qf5 24. Rde3 h6 25. a4 Qd7 26. Rg3 Kh8 27. Qc4 Qd5
28. Qc1 f5 29. Nf6 Ne2+ 30. Rxe2 Qd1+ 31. Re1 Qxc1 32. Rxc1 gxf6 33. Rg6 Rd4
34. b5 axb5 35. axb5 Kh7 36. Rxf6 f4 37. Rf7+ Kg6 38. Rxc7 Rb8 39. b6 Kf5 40.
f3 Rb4 41. Rd1 Rd4 42. Re1 Rc4 43. Ra1 Ke6 44. Rd1 Rd4 45. Rc1 Rd2 46. Kh2 e4
47. fxe4 Rg8 48. Rg1 f3 49. Rxb7 Rgxg2+ 50. Rxg2 Rxg2+ 51. Kh1 Rg5 52. c6 f2
0-1

[Event "JtM Sunshine op Online"]
[Site "chess.com"]
[Date "2020.07.25"]
[Round "5.8"]
[White "Feng, Jason"]
[Black "Bi, Karui"]
[Result "1-0"]
[WhiteElo "1597"]
[BlackElo "1350"]
[PlyCount "31"]
[EventDate "2020.07.25"]
[EventType "swiss (rapid)"]
[EventRounds "5"]
[EventCountry "CAN"]

1. e4 c5 2. Nf3 e6 3. c3 Nc6 4. d4 cxd4 5. cxd4 Bb4+ 6. Nc3 Nf6 7. Bd3 O-O 8.
O-O d5 9. e5 Nd7 10. Bxh7+ Kxh7 11. Ng5+ Kg6 12. Qd3+ f5 13. Qg3 Qe7 14. Ne2 f4
15. Nxf4+ Rxf4 16. Bxf4 1-0

[Event "Kenta op Online"]
[Site "chess.com"]
[Date "2020.10.11"]
[Round "1.1"]
[White "Allard, Laurent"]
[Black "Bilodeau-Savaria, Carl-William"]
[Result "1-0"]
[WhiteElo "2141"]
[BlackElo "1568"]
[PlyCount "49"]
[EventDate "2020.10.11"]
[EventType "swiss"]
[EventRounds "5"]
[EventCountry "CAN"]

1. e4 c5 2. Nf3 d6 3. d4 cxd4 4. Nxd4 Nf6 5. Nc3 a6 6. f3 e5 7. Nb3 Be6 8. Be3
Be7 9. Qd2 Nbd7 10. g4 b5 11. O-O-O O-O 12. g5 b4 13. gxf6 bxc3 14. Qxc3 Nxf6
15. Na5 Qd7 16. Nc6 Rfc8 17. Nxe7+ Qxe7 18. Qa5 Qd7 19. Rg1 Kh8 20. Rg2 Qc6 21.
Bg5 Nh5 22. Be7 Nf4 23. Rgd2 d5 24. Bg5 d4 25. Qxe5 1-0

[Event "Kenta op Online"]
[Site "chess.com"]
[Date "2020.10.11"]
[Round "1.2"]
[White "Potvin-Giroux, Joey"]
[Black "Trahan, Daniel"]
[Result "0-1"]
[WhiteElo "1562"]
[BlackElo "2087"]
[PlyCount "78"]
[EventDate "2020.10.11"]
[EventType "swiss"]
[EventRounds "5"]
[EventCountry "CAN"]

1. e4 c5 2. Nf3 Nc6 3. d4 cxd4 4. Nxd4 Nf6 5. Nc3 d6 6. Bg5 e6 7. f4 h6 8. Bh4
a6 9. Nxc6 bxc6 10. e5 g5 11. fxg5 Nd5 12. Nxd5 cxd5 13. Qh5 Be7 14. exd6 Bxg5
15. Bxg5 Qxg5 16. Qxg5 hxg5 17. c4 Bb7 18. c5 Bc6 19. b4 Kd7 20. Be2 Rhb8 21.
a3 a5 22. O-O f5 23. Rab1 axb4 24. axb4 Bb5 25. Rf2 Ra7 26. Bxb5+ Rxb5 27. Rfb2
Rab7 28. Kf2 e5 29. Rb3 d4 30. Rh3 Kc6 31. Rh6 Rb8 32. Re6 e4 33. Re7 R8b7 34.
Re5 Rxb4 35. Rxb4 Rxb4 36. Rxf5 Rb2+ 37. Ke1 e3 38. Kd1 d3 39. d7 Rb1# 0-1

[Event "Kenta op Online"]
[Site "chess.com"]
[Date "2020.10.11"]
[Round "1.3"]
[White "Turcotte, Jonathan"]
[Black "Geneau, Antoine"]
[Result "1-0"]
[WhiteElo "2035"]
[BlackElo "1550"]
[PlyCount "67"]
[EventDate "2020.10.11"]
[EventType "swiss"]
[EventRounds "5"]
[EventCountry "CAN"]

1. d4 Nf6 2. c4 g6 3. Nc3 Bg7 4. e4 d6 5. Nf3 O-O 6. Be2 Nc6 7. O-O e5 8. d5
Ne7 9. b4 b6 10. a4 Ne8 11. Ba3 h6 12. c5 f5 13. Nd2 Rf7 14. a5 Rb8 15. axb6
axb6 16. f3 f4 17. Nb5 Nf6 18. cxd6 cxd6 19. Nc4 Ne8 20. Na7 Bd7 21. b5 Rf6 22.
Nc6 Nxc6 23. dxc6 Be6 24. Nxd6 Ra8 25. Nxe8 Qxe8 26. Qc2 Rf7 27. Bc4 Rfa7 28.
Bb2 Qe7 29. Bxe6+ Qxe6 30. Rxa7 Rxa7 31. c7 Qc8 32. Rc1 Kf7 33. Qc6 Ra2 34.
Qc4+ 1-0

[Event "Kenta op Online"]
[Site "chess.com"]
[Date "2020.10.11"]
[Round "1.4"]
[White "Bilodeau-Savaria, Sandy-Rose"]
[Black "Latorre, Vincent"]
[Result "0-1"]
[WhiteElo "1537"]
[BlackElo "1941"]
[PlyCount "90"]
[EventDate "2020.10.11"]
[EventType "swiss"]
[EventRounds "5"]
[EventCountry "CAN"]

1. d4 Nf6 2. c4 g6 3. Nc3 Bg7 4. e4 d6 5. h3 O-O 6. Nf3 e5 7. d5 a5 8. Be2 Na6
9. Bg5 Nc5 10. Nd2 c6 11. O-O cxd5 12. exd5 Qb6 13. Bxf6 Bxf6 14. Nce4 Nxe4 15.
Nxe4 Bg7 16. Qc1 Bf5 17. Nc3 Rfe8 18. Re1 e4 19. Bg4 Bd4 20. Nd1 Bxg4 21. hxg4
Rac8 22. Rb1 Qb4 23. Ne3 Bxe3 24. Qxe3 Qxc4 25. Red1 Qxa2 26. Qb6 Qc4 27. Qd4
Qxd4 28. Rxd4 e3 29. fxe3 Rxe3 30. Kf2 Re5 31. Rbd1 b5 32. Kf3 Rc5 33. b3 b4
34. R1d3 Kf8 35. Rd2 Ke7 36. R2d3 Kd7 37. Rd2 Kc7 38. R2d3 Kb6 39. Rf4 f5 40.
gxf5 gxf5 41. Rfd4 Kb5 42. Rh4 Rcxd5 43. Re3 Rxe3+ 44. Kxe3 a4 45. bxa4+ Kxa4
0-1

[Event "Kenta op Online"]
[Site "chess.com"]
[Date "2020.10.11"]
[Round "1.5"]
[White "Adam, Rafael"]
[Black "Montmarquette, Yves"]
[Result "1-0"]
[WhiteElo "1907"]
[BlackElo "1475"]
[PlyCount "95"]
[EventDate "2020.10.11"]
[EventType "swiss"]
[EventRounds "5"]
[EventCountry "CAN"]

1. d4 Nf6 2. Bg5 c5 3. d5 Ne4 4. Bf4 Qb6 5. Qc1 d6 6. f3 Nf6 7. e4 e5 8. dxe6
Bxe6 9. Nc3 Be7 10. Bb5+ Nbd7 11. Nge2 O-O 12. Bxd7 Bxd7 13. Qd2 Bc6 14. O-O-O
a5 15. h4 Rfd8 16. Nd5 Bxd5 17. exd5 Nd7 18. g4 Ne5 19. Bxe5 dxe5 20. c4 Qb4
21. Qd3 Bf6 22. Nc3 g6 23. Ne4 Bg7 24. Qc2 a4 25. a3 Qb6 26. h5 f5 27. gxf5
gxf5 28. Ng3 Bh6+ 29. Kb1 Rf8 30. Nxf5 Qf6 31. Nxh6+ Qxh6 32. Qe4 Qf4 33. Rdf1
Kh8 34. Rh4 Qf5 35. Kc2 Ra6 36. Re1 Raf6 37. Re3 Rg8 38. Kd3 Rg2 39. Qxf5 Rxf5
40. Ke4 Rfg5 41. Rg4 R2xg4+ 42. fxg4 Rxg4+ 43. Kxe5 Rxc4 44. Rd3 Rh4 45. d6
Rxh5+ 46. Ke6 Rh6+ 47. Kf7 Rg6 48. d7 1-0

[Event "Kenta op Online"]
[Site "chess.com"]
[Date "2020.10.11"]
[Round "1.6"]
[White "Magner, Wilhelm"]
[Black "Morin, Louis"]
[Result "1-0"]
[WhiteElo "1459"]
[BlackElo "1871"]
[PlyCount "81"]
[EventDate "2020.10.11"]
[EventType "swiss"]
[EventRounds "5"]
[EventCountry "CAN"]

1. d4 Nf6 2. Bf4 g6 3. Nc3 Bg7 4. e4 O-O 5. Qd2 d6 6. O-O-O c6 7. Bh6 Qa5 8.
Bxg7 Kxg7 9. f3 b5 10. Kb1 Ba6 11. e5 Nd5 12. Nge2 Nxc3+ 13. Nxc3 b4 14. Ne4
Bxf1 15. Rhxf1 dxe5 16. dxe5 Na6 17. Qg5 Qc7 18. f4 f6 19. exf6+ exf6 20. Qh4
Rad8 21. g4 Qxf4 22. Rde1 Qh6 23. Qxh6+ Kxh6 24. Nxf6 Rf7 25. g5+ Kg7 26. Re8
Rxe8 27. Nxe8+ Kf8 28. Nf6 Kg7 29. Rd1 Re7 30. b3 Nc5 31. Rd6 Ne4 32. Nxe4 Rxe4
33. Rxc6 Rg4 34. Rc7+ Kg8 35. Rc5 Rh4 36. Rc4 Rxc4 37. bxc4 Kf7 38. Kb2 Ke6 39.
Kb3 a5 40. Ka4 Kd6 41. Kb5 1-0

[Event "Kenta op Online"]
[Site "chess.com"]
[Date "2020.10.11"]
[Round "1.7"]
[White "Wang, Rachel"]
[Black "Courtemanche, Sylvain"]
[Result "1-0"]
[WhiteElo "1813"]
[BlackElo "1440"]
[PlyCount "85"]
[EventDate "2020.10.11"]
[EventType "swiss"]
[EventRounds "5"]
[EventCountry "CAN"]

1. d4 Nf6 2. c4 g6 3. Nc3 Bg7 4. e4 d6 5. Nf3 O-O 6. Be2 e5 7. O-O Nc6 8. d5
Ne7 9. Ne1 Nd7 10. Be3 f5 11. f3 f4 12. Bf2 g5 13. Rc1 Ng6 14. Nd3 Nf6 15. c5
Ne8 16. Qc2 h5 17. Nb5 Rf7 18. a4 g4 19. cxd6 cxd6 20. Qd1 g3 21. hxg3 fxg3 22.
Bxg3 Bd7 23. Qd2 Kh7 24. Qb4 Qg5 25. Kh2 h4 26. Bf2 Nf4 27. Nxf4 Qxf4+ 28. Kh1
Rf6 29. Nxa7 Rg6 30. Qxb7 Nf6 31. Rc3 Nh5 32. Qxd7 Ng3+ 33. Bxg3 hxg3 34. Kg1
Rh6 35. Nb5 Qd2 36. Qg4 Qxe2 37. Qxg3 Rh1+ 38. Kxh1 Qxf1+ 39. Kh2 Rh8 40. Qg5
Kg8+ 41. Kg3 Rh6 42. Rc7 Qe1+ 43. Kg4 1-0

[Event "Kenta op Online"]
[Site "chess.com"]
[Date "2020.10.11"]
[Round "1.8"]
[White "Cormier, Benoit"]
[Black "Dube, Daniel"]
[Result "0-1"]
[WhiteElo "1315"]
[BlackElo "1737"]
[PlyCount "70"]
[EventDate "2020.10.11"]
[EventType "swiss"]
[EventRounds "5"]
[EventCountry "CAN"]

1. e4 d6 2. d4 Nf6 3. Nc3 g6 4. f4 c5 5. d5 Bg7 6. Nf3 O-O 7. Bc4 b5 8. Nxb5
Nxe4 9. O-O a6 10. Na3 Nd7 11. c3 Nb6 12. Bb3 a5 13. Bc2 Nf6 14. c4 e6 15. dxe6
Bxe6 16. b3 d5 17. Bb2 dxc4 18. Qxd8 Rfxd8 19. bxc4 Bxc4 20. Nxc4 Nxc4 21. Be5
Ne3 22. Rfc1 Nfd5 23. Bxg7 Kxg7 24. Ba4 c4 25. g3 Rab8 26. Rab1 Rb4 27. Rxb4
axb4 28. Bc6 c3 29. h3 c2 30. Kf2 Nd1+ 31. Kg1 N5e3 32. Ba4 Rc8 33. Nd4 Rd8 34.
Nxc2 Nc3 35. Nxe3 Ne2+ 0-1

[Event "Kenta op Online"]
[Site "chess.com"]
[Date "2020.10.11"]
[Round "1.9"]
[White "Potvin, Alain-Nicolas"]
[Black "Imbeault, Marc"]
[Result "1-0"]
[WhiteElo "1723"]
[BlackElo "1190"]
[PlyCount "41"]
[EventDate "2020.10.11"]
[EventType "swiss"]
[EventRounds "5"]
[EventCountry "CAN"]

1. d4 d5 2. e3 e6 3. Bd3 c5 4. c3 Nc6 5. Nf3 Nf6 6. Nbd2 Be7 7. O-O O-O 8. Qe2
c4 9. Bc2 b5 10. e4 dxe4 11. Nxe4 Bb7 12. Nfg5 Qd5 13. Nxf6+ Bxf6 14. Bxh7+ Kh8
15. Qh5 Qxg2+ 16. Kxg2 Nxd4+ 17. f3 Bxf3+ 18. Rxf3 Bxg5 19. Bxg5 Nxf3 20. Be4+
Kg8 21. Qh7# 1-0

[Event "Kenta op Online"]
[Site "chess.com"]
[Date "2020.10.11"]
[Round "1.10"]
[White "Bilodeau-Savaria, Karl"]
[Black "Brassard, Sylvain"]
[Result "0-1"]
[WhiteElo "759"]
[BlackElo "1694"]
[PlyCount "76"]
[EventDate "2020.10.11"]
[EventType "swiss"]
[EventRounds "5"]
[EventCountry "CAN"]

1. d4 d5 2. c4 e6 3. Nf3 Nf6 4. Nc3 b6 5. e3 Bb7 6. Bd3 dxc4 7. Bxc4 c5 8. O-O
cxd4 9. exd4 Nd5 10. Nxd5 Bxd5 11. Bb5+ Bc6 12. Qa4 Bxb5 13. Qxb5+ Qd7 14.
Qxd7+ Nxd7 15. Re1 Nf6 16. Be3 Bd6 17. Rad1 Nd5 18. Kf1 f6 19. g3 Kd7 20. Ke2
Rac8 21. Rc1 Rhe8 22. Rxc8 Rxc8 23. Rc1 Rc6 24. Rxc6 Kxc6 25. Kd3 Nb4+ 26. Kc4
Nxa2 27. Bd2 a5 28. b3 b5+ 29. Kd3 Nb4+ 30. Bxb4 Bxb4 31. Ke3 Kd5 32. g4 a4 33.
bxa4 bxa4 34. Kd3 a3 35. Kc2 Kc4 36. Nd2+ Bxd2 37. Kxd2 a2 38. Ke3 a1=Q 0-1

[Event "Kenta op Online"]
[Site "chess.com"]
[Date "2020.10.18"]
[Round "2.1"]
[White "Wang, Rachel"]
[Black "Allard, Laurent"]
[Result "0-1"]
[WhiteElo "1813"]
[BlackElo "2141"]
[PlyCount "148"]
[EventDate "2020.10.11"]
[EventType "swiss"]
[EventRounds "5"]
[EventCountry "CAN"]

1. d4 Nf6 2. c4 g6 3. Nc3 d5 4. cxd5 Nxd5 5. e4 Nxc3 6. bxc3 Bg7 7. Bb2 c5 8.
Nf3 Qa5 9. Nd2 cxd4 10. Nc4 Qc7 11. cxd4 O-O 12. Be2 b5 13. Nd2 Rd8 14. Nb3 Qb6
15. Qd2 Nc6 16. d5 Bxb2 17. Qxb2 Na5 18. O-O Nc4 19. Qd4 e6 20. Qxb6 axb6 21.
Rfd1 exd5 22. Rxd5 Rxd5 23. exd5 Bb7 24. Nd4 Nd6 25. Nxb5 Nxb5 26. Bxb5 Bxd5
27. a4 Kf8 28. f3 Ke7 29. Kf2 Kd6 30. Rc1 Ra7 31. Ke3 Rc7 32. Rxc7 Kxc7 33. Kd4
Kd6 34. Bc4 Bc6 35. Bb5 Bb7 36. h3 g5 37. Bd3 h5 38. Be4 Bc8 39. g4 hxg4 40.
hxg4 Bd7 41. Bc2 Bc6 42. Bd1 f6 43. Ke3 Kc5 44. f4 gxf4+ 45. Kxf4 Bd7 46. Ke4
Be6 47. Kf4 Kb4 48. Ke4 Kc3 49. Kf4 Kd2 50. Bf3 Bd7 51. Bd5 Bxa4 52. Kf5 Bd7+
53. Kxf6 Bxg4 54. Bc6 Kc3 55. Ke5 Kb4 56. Kd6 Be2 57. Ke5 Kc5 58. Be8 Bb5 59.
Bf7 Bc4 60. Be8 Bd5 61. Kf4 Bc6 62. Bf7 Kd4 63. Be6 b5 64. Bf7 b4 65. Be6 Bd5
66. Bf5 b3 67. Bb1 Bc4 68. Bf5 Bd3 69. Be6 b2 70. Ba2 Kc3 71. Ke3 Bg6 72. Ke2
Kc2 73. Ke3 Kc1 74. Ke2 Bf7 0-1

[Event "Kenta op Online"]
[Site "chess.com"]
[Date "2020.10.18"]
[Round "2.2"]
[White "Trahan, Daniel"]
[Black "Potvin, Alain-Nicolas"]
[Result "1-0"]
[WhiteElo "2087"]
[BlackElo "1723"]
[PlyCount "65"]
[EventDate "2020.10.11"]
[EventType "swiss"]
[EventRounds "5"]
[EventCountry "CAN"]

1. d4 Nf6 2. c4 g6 3. Nc3 Bg7 4. e4 d6 5. Nf3 O-O 6. Be2 e5 7. O-O Nc6 8. d5
Ne7 9. b4 a5 10. Ba3 axb4 11. Bxb4 b6 12. a4 Nd7 13. a5 Nc5 14. axb6 Rxa1 15.
Qxa1 cxb6 16. Qa7 Bd7 17. Bxc5 bxc5 18. Nb5 Bxb5 19. cxb5 Nc8 20. Qa6 Nb6 21.
Nd2 Qc7 22. Nc4 Nxc4 23. Bxc4 Rb8 24. Qc6 Rb7 25. Rb1 Qb6 26. Ra1 Bf8 27. Ra6
Qc7 28. b6 Qb8 29. Be2 Be7 30. Qa4 Qc8 31. Ra8 Rb8 32. Rxb8 Qxb8 33. Qa7 1-0

[Event "Kenta op Online"]
[Site "chess.com"]
[Date "2020.10.18"]
[Round "2.3"]
[White "Dube, Daniel"]
[Black "Turcotte, Jonathan"]
[Result "0-1"]
[WhiteElo "1737"]
[BlackElo "2035"]
[PlyCount "78"]
[EventDate "2020.10.11"]
[EventType "swiss"]
[EventRounds "5"]
[EventCountry "CAN"]

1. e4 c6 2. Nf3 d5 3. Nc3 Bg4 4. h3 Bxf3 5. Qxf3 Nf6 6. d3 e6 7. Qg3 g6 8. Be2
Bg7 9. O-O O-O 10. Kh1 b5 11. e5 Nfd7 12. f4 b4 13. Nb1 c5 14. Nd2 Nc6 15. Nf3
a5 16. c3 a4 17. cxb4 Nxb4 18. Bd2 a3 19. b3 Qe7 20. d4 Nc2 21. Rac1 Nxd4 22.
Nxd4 cxd4 23. Rc7 Rfc8 24. Rfc1 Qd8 25. Ba5 Rxc7 26. Bxc7 Qc8 27. Qe1 Qb7 28.
Bd6 Rc8 29. Rxc8+ Qxc8 30. Bxa3 Qc2 31. Bb5 d3 32. Bc1 Nc5 33. b4 Ne4 34. a4
Bf8 35. a5 Bxb4 36. Bxd3 Nf2+ 37. Kh2 Nxd3 38. Qh4 Qxc1 39. a6 Qc7 0-1

[Event "Kenta op Online"]
[Site "chess.com"]
[Date "2020.10.18"]
[Round "2.4"]
[White "Latorre, Vincent"]
[Black "Magner, Wilhelm"]
[Result "0-1"]
[WhiteElo "1941"]
[BlackElo "1459"]
[PlyCount "60"]
[EventDate "2020.10.11"]
[EventType "swiss"]
[EventRounds "5"]
[EventCountry "CAN"]

1. e4 c6 2. d4 d5 3. exd5 cxd5 4. Bd3 Nc6 5. c3 e5 6. dxe5 Nxe5 7. Bc2 Bc5 8.
Bf4 Qe7 9. Qe2 Nc6 10. Nd2 Qxe2+ 11. Nxe2 Nf6 12. Nb3 Bb6 13. a4 a6 14. O-O O-O
15. Rfe1 Re8 16. h3 Bd7 17. a5 Ba7 18. Rad1 Re6 19. Bf5 Rxe2 20. Rxe2 Bxf5 21.
Be3 Bxe3 22. Rxe3 Bc2 23. Rde1 Bxb3 24. g4 h6 25. Ra1 Re8 26. Rd3 Ne5 27. Re3
Nc4 28. Rxe8+ Nxe8 29. Re1 Kf8 30. Kg2 Ned6 0-1

[Event "Kenta op Online"]
[Site "chess.com"]
[Date "2020.10.18"]
[Round "2.5"]
[White "Brassard, Sylvain"]
[Black "Adam, Rafael"]
[Result "1-0"]
[WhiteElo "1694"]
[BlackElo "1907"]
[PlyCount "125"]
[EventDate "2020.10.11"]
[EventType "swiss"]
[EventRounds "5"]
[EventCountry "CAN"]

1. d4 Nf6 2. Bf4 d5 3. e3 c5 4. Nc3 cxd4 5. exd4 a6 6. Nf3 Bg4 7. h3 Bh5 8. Be2
e6 9. O-O Bd6 10. Ne5 Bxe2 11. Nxe2 O-O 12. c3 Qc7 13. Re1 Nc6 14. Nd3 Ne4 15.
Bxd6 Qxd6 16. Qc1 Rfc8 17. Qf4 Qxf4 18. Nexf4 b6 19. f3 Nd6 20. Kf2 Na5 21. Re2
Nac4 22. Ne5 Nxe5 23. Rxe5 b5 24. Nd3 Nb7 25. Rc1 a5 26. a3 Rc7 27. Ree1 Rac8
28. Ke2 Kf8 29. Kd2 Nd6 30. Nc5 Ke7 31. g4 a4 32. Re2 Rxc5 33. dxc5 Rxc5 34. f4
Nc4+ 35. Kc2 Rc6 36. h4 Na5 37. Rd1 Nb3 38. Rxd5 Rc5 39. Rxc5 Nxc5 40. f5 Kd6
41. fxe6 Nxe6 42. Rf2 f6 43. c4 Kc5 44. cxb5 Kxb5 45. Kc3 Nc5 46. Re2 g6 47.
Re7 h5 48. gxh5 gxh5 49. Rh7 Ne4+ 50. Kd4 Ng3 51. Ke3 Nf5+ 52. Kf4 Nd4 53.
Rxh5+ Kc4 54. Rh8 Kb3 55. Rb8+ Kc2 56. Rb6 Nb3 57. Rb4 Kxb2 58. Rxa4 Nc5 59.
Ra7 Kb3 60. Kf5 Nd3 61. h5 Ne1 62. h6 Nf3 63. h7 1-0

[Event "Kenta op Online"]
[Site "chess.com"]
[Date "2020.10.18"]
[Round "2.6"]
[White "Morin, Louis"]
[Black "Montmarquette, Yves"]
[Result "0-1"]
[WhiteElo "1871"]
[BlackElo "1475"]
[PlyCount "72"]
[EventDate "2020.10.11"]
[EventType "swiss"]
[EventRounds "5"]
[EventCountry "CAN"]

1. e4 c5 2. Nf3 g6 3. d4 cxd4 4. c3 dxc3 5. Nxc3 Nc6 6. Bc4 e6 7. Bg5 Nge7 8.
Bf6 Rg8 9. Nb5 d5 10. exd5 exd5 11. O-O Be6 12. Bxd5 Bxd5 13. Qxd5 Nxd5 14.
Bxd8 Rxd8 15. Rad1 Be7 16. Rxd5 Rxd5 17. Nc7+ Kf8 18. Nxd5 Kg7 19. Nxe7 Nxe7
20. Rd1 Rc8 21. Kf1 Rc7 22. Ke2 Nf5 23. Rd2 f6 24. g4 Nh6 25. h3 g5 26. Nd4 Kf7
27. f4 Re7+ 28. Kf3 Rd7 29. f5 Ng8 30. Ke3 Ne7 31. Nb5 Rxd2 32. Kxd2 Nc8 33.
Kd3 Ke7 34. Kd4 a6 35. Nc7 Nb6 36. b3 Kd6 0-1

[Event "Kenta op Online"]
[Site "chess.com"]
[Date "2020.10.18"]
[Round "2.7"]
[White "Bilodeau-Savaria, Carl-William"]
[Black "Cormier, Benoit"]
[Result "1-0"]
[WhiteElo "1568"]
[BlackElo "1315"]
[PlyCount "68"]
[EventDate "2020.10.11"]
[EventType "swiss"]
[EventRounds "5"]
[EventCountry "CAN"]

1. d4 Nf6 2. c4 e6 3. Nf3 b6 4. Nc3 Bb7 5. e3 Bb4 6. Bd3 O-O 7. O-O d5 8. cxd5
exd5 9. Qc2 h6 10. Bd2 Nbd7 11. Rac1 Rc8 12. Nb5 Bxd2 13. Nxd2 Ne8 14. Nxa7 Ra8
15. Nb5 c6 16. Nc3 Nef6 17. Nf3 Re8 18. a3 Qe7 19. Bf5 g6 20. Bh3 Ne4 21. Bxd7
Qxd7 22. Ne5 Qd6 23. Nxe4 dxe4 24. Qxe4 Qd5 25. Qxd5 cxd5 26. Rc7 Ba6 27. Rfc1
Bc8 28. Nxf7 Be6 29. Nxh6+ Kf8 30. h3 Rac8 31. Rxc8 Rxc8 32. Rxc8+ Bxc8 33. Ng4
Kg7 34. Kh2 Ba6 1-0

[Event "Kenta op Online"]
[Site "chess.com"]
[Date "2020.10.18"]
[Round "2.8"]
[White "Courtemanche, Sylvain"]
[Black "Potvin-Giroux, Joey"]
[Result "0-1"]
[WhiteElo "1440"]
[BlackElo "1562"]
[PlyCount "52"]
[EventDate "2020.10.11"]
[EventType "swiss"]
[EventRounds "5"]
[EventCountry "CAN"]

1. e4 d5 2. exd5 Qxd5 3. Nf3 Nf6 4. d4 Bf5 5. c4 Qd8 6. Qb3 b6 7. Nc3 e6 8. Be2
c5 9. O-O cxd4 10. Rd1 Bc5 11. Nb5 O-O 12. Nbxd4 Qc7 13. Nb5 Qb7 14. Nd6 Qc6
15. Nxf5 exf5 16. Ne5 Qe6 17. Bf3 Ne4 18. Nd3 Nd7 19. Nf4 Qf6 20. Nd5 Bxf2+ 21.
Kf1 Qh4 22. Bf4 Ndc5 23. Qa3 Ne6 24. Bxe4 fxe4 25. Ne7+ Kh8 26. Nf5 Qxf4 0-1

[Event "Kenta op Online"]
[Site "chess.com"]
[Date "2020.10.18"]
[Round "2.9"]
[White "Geneau, Antoine"]
[Black "Loevenich, Anna"]
[Result "1-0"]
[WhiteElo "1550"]
[BlackElo "930"]
[PlyCount "89"]
[EventDate "2020.10.11"]
[EventType "swiss"]
[EventRounds "5"]
[EventCountry "CAN"]

1. e4 e5 2. Nf3 Nc6 3. Bb5 d6 4. O-O Bd7 5. c3 g6 6. d3 Bg7 7. Re1 Nf6 8. Bg5
a6 9. Ba4 Ne7 10. Bxd7+ Nxd7 11. d4 O-O 12. Qd2 Qe8 13. Bh6 f5 14. Bxg7 Kxg7
15. exf5 Nxf5 16. dxe5 dxe5 17. Qd5 Nd6 18. Nbd2 Rf5 19. Ne4 Nf6 20. Nxf6 Kxf6
21. Nd4 Rg5 22. f4 Rh5 23. fxe5+ Rxe5 24. Rxe5 Qxe5 25. Qf3+ Kg7 26. Rf1 Re8
27. h3 c5 28. Nb3 c4 29. Nd4 Qe3+ 30. Qxe3 Rxe3 31. Kf2 Re7 32. Rd1 Ne4+ 33.
Kf3 Nf6 34. Ne2 Rd7 35. Rxd7+ Nxd7 36. Ke4 b5 37. Kd5 Nb6+ 38. Kc6 Na4 39. b3
Nb2 40. Kb6 Nd1 41. Kxa6 b4 42. cxb4 c3 43. b5 c2 44. b6 Nc3 45. Nc1 1-0

[Event "Kenta op Online"]
[Site "chess.com"]
[Date "2020.10.18"]
[Round "2.10"]
[White "Imbeault, Marc"]
[Black "Bilodeau-Savaria, Sandy-Rose"]
[Result "0-1"]
[WhiteElo "1190"]
[BlackElo "1537"]
[PlyCount "64"]
[EventDate "2020.10.11"]
[EventType "swiss"]
[EventRounds "5"]
[EventCountry "CAN"]

1. e4 c5 2. Nf3 d6 3. d3 e5 4. g3 Nf6 5. Bg2 Be7 6. O-O Nc6 7. c3 O-O 8. Nbd2
Be6 9. Qe2 Qd7 10. Re1 Rab8 11. Nf1 b5 12. Bg5 Rfc8 13. Ne3 Ng4 14. Bxe7 Nxe7
15. Ng5 Nf6 16. Nxe6 fxe6 17. Bh3 Nc6 18. Nd5 Qf7 19. Nxf6+ Qxf6 20. Qg4 Re8
21. Rf1 b4 22. f4 bxc3 23. bxc3 exf4 24. Rxf4 Qxc3 25. Raf1 Qe5 26. Rf7 Nd4 27.
Rxa7 Rf8 28. a4 Rxf1+ 29. Bxf1 Rf8 30. Bg2 Nc6 31. Rc7 Qa1+ 32. Bf1 Qxf1# 0-1